000 00462nam a22001697a 4500
005 20251108171147.0
008 250721s1989 xx 000 0 ara d
082 1 4 _a440/محم
100 1 _aفتيح، محمد
245 1 0 _aفي الفكر اللغوي /
264 1 _aالقاهرة :
_bدار الفكر العربي،
_c1989.
300 _a285ص
650 1 7 _aاللغة العربية
650 1 7 _aاللغات
942 _2ddc
_cBK
999 _c58162
_d58162